000 00205nam a22000857a 4500
008 161207b xxu||||| |||| 00| 0 eng d
100 _91913
_aRaud.E
245 _aA Summer's Tales
260 _aMoscow
_bMalysh
_c1981
999 _c4679
_d4679